000 00226 a2200085 4500
020 _a9780367312923
100 _a Stephen Verderber and Ben J. Refuerzo
245 _aInnovations in Hospice Architecture
260 _bRoutledge
_c 2019
999 _c13413
_d13413